Internacionalizmy, geografické názvy a vlastné mená na "H" v porovnaní slovenského, ruského a francúzskeho jazyka

Pôvod internacionalizmov. Porovnanie internacionalizmov začínajúcich na "h" v slovenčine, ruštine a francúzštine.

Na minha lista:
Detalhes bibliográficos
Autor principal: Rechtoríková, Gabriela
Formato: Capítulo de Livro
Idioma:eslovaco
Assuntos:
Tags: Adicionar Tag
Sem tags, seja o primeiro a adicionar uma tag!

MARC

LEADER 00000naa$a2200000$$$4500
001 0159839
005 20240502072753.5
041 0 |a slo 
044 |a SK 
245 1 0 |a Internacionalizmy, geografické názvy a vlastné mená na "H" v porovnaní slovenského, ruského a francúzskeho jazyka  |c Gabriela Rechtoríková 
520 |a Pôvod internacionalizmov. Porovnanie internacionalizmov začínajúcich na "h" v slovenčine, ruštine a francúzštine. 
610 2 0 |a jazyky cudzie 
610 2 0 |a slovenčina 
610 2 0 |a ruština 
610 2 0 |a francúzština 
610 2 0 |a jazykoveda 
100 1 |a Rechtoríková, Gabriela